Normale Ansicht MARC-Ansicht ISBD

Menševiki v 1917 godu (Titelsatznr. 45525)

[ MARC ]
MARC-Details
000 -Satzkennung
Kontrollfeld mit fester Länge 00520nac a22001931ca4500
001 - Kontrollnummer
Kontrollfeld a987685352
008 - Feld mit fester Länge zur physischen Beschreibung - Allgemeine Angaben
Kontrollfeld mit fester Länge 170707s1997 gw |||| 000u rus d
020 ## - Internationale Standardbuchnummer
Internationale Standardbuchnummer 5860040253
Verknüpfung 5-86004-025-3
041 ## - Sprachcode
Sprachcode des Textes/der Tonspur oder des separaten Titels rus
040 ## - Katalogisierungsquelle
Übertragungsstelle RU-10907106
003 - Kontrollnummer Identifier
Kontrollfeld RU-10907106
245 00 - Titel
Titel Menševiki v 1917 godu
264 ## - Produktion, Veröffentlichung, Distribution, Herstellung und Urheberrechtsvermerk
Herstellungs-, Veröffentlichungs- Vertriebs-, Erzeugungsort Moskva :
Produzent, Herausgeber, Distributor, Hersteller ROSSPEN,
Datum der Herstellung, der Veröffentlichung, des Vertriebs oder des Urheberschutzvermerks 1997
300 ## - Physische Beschreibung
Umfang 3 Bände
700 1# - Nebeneintragung - Personenname
Personenname Galili y García, Ziva
Funktionsbezeichnung HerausgeberIn
710 2# - Nebeneintragung - Körperschaftsname
Körperschafts- oder Gebietskörperschaftsname als Eintragungselement International Commission for Joint Studies in Russian History
942 ## - Zusätzliche Felder (Koha)
Koha-Medientyp Monographien
Exemplare
Ausgeschieden Verloren Beschädigt Nicht entleihbar Heimatbibliothek Aufenthaltsbibliothek Aufstellungsort Erwerbungsdatum Inventarnummer Signatur Barcode Letzte Aktivität Preis gültig von Koha-Medientyp
        MWN Osteuropa MWN Osteuropa Magazin - 2 07/07/2017 07-03866 R 61 ej Men (17/Bd.) 45535 23/02/2021 22/03/2021 Monographien